005070000a22001690004500090001700000245006200017041001400079700003000093700003600123700002600159700003100185700002900216100003100245942001300276773003100289999001700320 aASbSeriadas10aConservación de los sistemas subterráneos en Colombia0 aEspañol1 aAndrade, Germán91001761 aBaptiste, Luis Guillermo9751911 aSalas, Danilo91001771 aVillareal, Héctor9970591 aArmenteras, Dolors926941 aMuñoz Saba, Yaneth94274 cARTICULO1 tBiosintesish10q1-4d1998 c15923d15923